<?xml version="1.0" encoding="UTF-8"?>
<record
    xmlns:xsi="http://www.w3.org/2001/XMLSchema-instance"
    xsi:schemaLocation="http://www.loc.gov/MARC21/slim http://www.loc.gov/standards/marcxml/schema/MARC21slim.xsd"
    xmlns="http://www.loc.gov/MARC21/slim">

  <leader>00698nam a22002537a 4500</leader>
  <controlfield tag="005">20230412113819.0</controlfield>
  <controlfield tag="008">230330b        |||||||| |||| 00| 0 eng d</controlfield>
  <datafield tag="020" ind1=" " ind2=" ">
    <subfield code="a">9781784536664</subfield>
  </datafield>
  <datafield tag="040" ind1=" " ind2=" ">
    <subfield code="a">CBULib</subfield>
    <subfield code="c">CBULib</subfield>
  </datafield>
  <datafield tag="041" ind1=" " ind2=" ">
    <subfield code="a">eng</subfield>
  </datafield>
  <datafield tag="050" ind1=" " ind2=" ">
    <subfield code="a">DS  135.Z35 Mac</subfield>
  </datafield>
  <datafield tag="100" ind1=" " ind2=" ">
    <subfield code="a">Macmillan, Hugh</subfield>
  </datafield>
  <datafield tag="245" ind1=" " ind2=" ">
    <subfield code="a">Zion in Africa : the Jews of Zambia</subfield>
    <subfield code="c">/ by Hugh Macmillan and Frank Shapiro</subfield>
  </datafield>
  <datafield tag="260" ind1=" " ind2=" ">
    <subfield code="a">London : </subfield>
    <subfield code="b">L.B.Tauris, </subfield>
    <subfield code="c">1999</subfield>
  </datafield>
  <datafield tag="300" ind1=" " ind2=" ">
    <subfield code="a">xiii, 383 pages : illustrations</subfield>
  </datafield>
  <datafield tag="600" ind1=" " ind2=" ">
    <subfield code="a">MACMILLAN, HUGH</subfield>
  </datafield>
  <datafield tag="600" ind1=" " ind2=" ">
    <subfield code="a">SHAPIRO, FRANK</subfield>
  </datafield>
  <datafield tag="650" ind1=" " ind2=" ">
    <subfield code="a">ETHNIC RELATIONS</subfield>
  </datafield>
  <datafield tag="650" ind1=" " ind2=" ">
    <subfield code="a">HISTORY</subfield>
  </datafield>
  <datafield tag="650" ind1=" " ind2=" ">
    <subfield code="a">JEWS--HISTORY-- ZAMBIA</subfield>
  </datafield>
  <datafield tag="650" ind1=" " ind2=" ">
    <subfield code="a">JEWS</subfield>
  </datafield>
  <datafield tag="700" ind1=" " ind2=" ">
    <subfield code="a">Shapiro, Frank</subfield>
  </datafield>
  <datafield tag="942" ind1=" " ind2=" ">
    <subfield code="c">002</subfield>
  </datafield>
  <datafield tag="999" ind1=" " ind2=" ">
    <subfield code="c">75610</subfield>
    <subfield code="d">75610</subfield>
  </datafield>
  <datafield tag="952" ind1=" " ind2=" ">
    <subfield code="0">0</subfield>
    <subfield code="1">0</subfield>
    <subfield code="2">lcc</subfield>
    <subfield code="4">0</subfield>
    <subfield code="7">0</subfield>
    <subfield code="8">MC</subfield>
    <subfield code="a">001</subfield>
    <subfield code="b">001</subfield>
    <subfield code="c">GEN</subfield>
    <subfield code="d">2023-03-30</subfield>
    <subfield code="e">DON-BOOKAID</subfield>
    <subfield code="g">68.89</subfield>
    <subfield code="l">2</subfield>
    <subfield code="o">DS  135.Z35 Mac</subfield>
    <subfield code="p">751874</subfield>
    <subfield code="r">2026-05-28</subfield>
    <subfield code="s">2026-05-20</subfield>
    <subfield code="t">1</subfield>
    <subfield code="v">89.55</subfield>
    <subfield code="w">2023-03-30</subfield>
    <subfield code="y">002</subfield>
  </datafield>
  <datafield tag="952" ind1=" " ind2=" ">
    <subfield code="0">0</subfield>
    <subfield code="1">0</subfield>
    <subfield code="2">lcc</subfield>
    <subfield code="4">0</subfield>
    <subfield code="7">0</subfield>
    <subfield code="8">MC</subfield>
    <subfield code="a">001</subfield>
    <subfield code="b">001</subfield>
    <subfield code="c">GEN</subfield>
    <subfield code="d">2023-03-30</subfield>
    <subfield code="e">DON-BOOKAID</subfield>
    <subfield code="g">68.89</subfield>
    <subfield code="l">0</subfield>
    <subfield code="o">DS  135.Z35 Mac</subfield>
    <subfield code="p">751875</subfield>
    <subfield code="r">2023-03-30</subfield>
    <subfield code="t">2</subfield>
    <subfield code="v">89.55</subfield>
    <subfield code="w">2023-03-30</subfield>
    <subfield code="y">002</subfield>
  </datafield>
  <datafield tag="952" ind1=" " ind2=" ">
    <subfield code="0">0</subfield>
    <subfield code="1">0</subfield>
    <subfield code="2">lcc</subfield>
    <subfield code="4">0</subfield>
    <subfield code="7">0</subfield>
    <subfield code="8">SOM</subfield>
    <subfield code="a">002</subfield>
    <subfield code="b">002</subfield>
    <subfield code="c">SOM</subfield>
    <subfield code="d">2023-04-04</subfield>
    <subfield code="e">DON-BOOKAID</subfield>
    <subfield code="o">DS 135. Z 35 Mac</subfield>
    <subfield code="p">905345</subfield>
    <subfield code="r">2023-04-04</subfield>
    <subfield code="t">3</subfield>
    <subfield code="w">2023-04-04</subfield>
    <subfield code="y">002</subfield>
  </datafield>
</record>
